| 000 | 00747nam a22002897a 4500 | ||
|---|---|---|---|
| 001 | 0026562 | ||
| 003 | KOHA_MİRAKIL | ||
| 005 | 20260207002531.0 | ||
| 007 | ta | ||
| 008 | 101213b2010 tu |||gr||||#||||0|tur | | ||
| 020 | _a9786055936334 | ||
| 040 |
_aTR-BiSEU _btur _cTR-BiSEU _erda |
||
| 041 | 0 | _atur | |
| 044 | _ctu | ||
| 050 |
_aHB139 _b.T37 2010 |
||
| 100 | 1 | _aTarı, Recep. | |
| 245 | 1 |
_aEkonometri/ _cRecep Tarı ; Recep Tarı. |
|
| 264 | 1 |
_aKocaeli : _bUmuttepe _c2010 |
|
| 300 | _a518 sayfa; 21 cm. | ||
| 336 |
_ametin _btxt _2rdacontent |
||
| 337 |
_aaracısız _bn _2rdamedia |
||
| 338 |
_acilt _bnc _2rdacarrier |
||
| 500 | _aDizin var. | ||
| 500 | _aKaynakça var. | ||
| 650 | 0 |
_aEkonometri. _91717 |
|
| 942 |
_2lcc _cBK |
||
| 999 |
_c26501 _d26501 |
||